000
00457nam a2200181Ia 4500
008
100917s9999 xx 000 0 und d
082
_b
23041
100
_a
शेळके उध्दव
245
_a
धग
260
_b
पॅाप्युलर प्रकाशन
_c
1973
300
_a
250
365
_b
12
520
_a
कादंबरी
630
_a
धग
650
_a
कादंबरी
730
_a
धग
942
_c
BOOK
999
_c
628435
_d
628432